000 00777nam a2200217Ia 4500
003 OSt
005 20230623151545.0
008 210423s2014 xx 000 0 und d
020 _a978-93-82178-02-6
040 _cAL
041 _aeng
082 _a820.954 VANI
100 _aVANITA (Ruth)
_9111341
245 _aIndia and the world: postcolonialism translation and Indian literature
_bEssays in honour of professor Harish Trivedi
260 _aNew Delhi
_bPencraft international
_c2014
300 _a275
_bHB
365 _b850
_cINR
650 _aEnglish Criticism
_9111342
906 _aeast ; Essays ; Harish ; honour ; India ; Indian ; literature ; postcolonialism ; professor ; reading ; text ; translating ; translation ; Trivedi ; west ; world
942 _2ddc
_cBK
999 _c167957
_d167957